Skład Cracovii 2025/26 - Statystyki

Ogólne statystyki
  • Ten quiz został rozwiązany 47 razy
  • Średni wynik to 13 z 29
Statystyki odpowiedzi
Kraj Zawodnik % Poprawnych
Słowacja Henrich Ravas
83%
BiH Ajdin Hasić
80%
Polska Sebastian Madejski
80%
Polska Oskar Wójcik
73%
Dania Mikkel Maigaard
70%
Gruzja Otar Kakabadze
70%
Szwajcaria, Serbia Filip Stojilković
68%
Irak, Szwecja Amir Al-ammari
65%
Szwecja Gustav Henriksson
63%
Polska Dominik Piła
55%
Czechy Jakub Jugas
55%
Islandia David Olafsson
53%
Macedonia płn, Bułgaria Jani Atanasov
45%
Polska Mateusz Praszelik
43%
Polska Kamil Glik
40%
Polska Konrad Golonka
40%
Polska Karol Knap
35%
Bułgaria Martin Minczew
35%
Polska Michał Rakoczy
35%
Polska Fabian Bzdyl
33%
Dania Andreas Skovgaard
23%
Polska Bartosz Biedrzycki
23%
Polska Kacper Śmiglewski
20%
Polska Konrad Cymerys
20%
Polska Dawid Polak
18%
Polska Patryk Janasik
13%
Polska Oskar Lachowicz
10%
Chorwacja Mauro Petković
8%
Algieria Monsef Bakrar
5%
Nie znaleziono quizów pasujących do podanych kryteriów
Rozkład punktacji
Procent ludzi z każdym wynikiem
Percentyl według liczby udzielonych odpowiedzi
Twoja historia wyników
Nie rozwiązałeś tego quizu